000 00686nam a2200229Ia 4500
003 OSt
005 20220926022026.0
006 a|||||r|||| 00| 0
007 ta
008 220923b |||||||| |||| 00| 0 eng d
037 _cGeneral Book
040 _aRTL
_cRTL
_beng
041 _2eng
_aeng
082 _aV1N45,93:3.N90<--N89, M0/UN
110 _aUnited Nations
245 0 _aIndex to proceeding of the general Assembly
_b forty- fourth session- 1989-1990.
260 _aNew York
_bUnited Nations
_c1990
300 _aix;515p
_ccm.
700 _aUnited Nations
942 _hV1N45,93:3.N90<--N89, M0/UN
_cGB
_2CC
999 _c638310
_d638310